LEADER 00745nam0-22002651i-450- 001 990001154690403321 035 $a000115469 035 $aFED01000115469 035 $a(Aleph)000115469FED01 035 $a000115469 100 $a20000920d1984----km-y0itay50------ba 101 0 $aeng 200 1 $aSummability through Functional Analysis$fby Wilansky 205 $a$a 210 $aAmsterdam [etc.]$cNorth-Holland$d1984 225 1 $aNorth-Holland mathematics studies$v85 700 1$aWilansky,$bAlbert$041878 801 0$aIT$bUNINA$gRICA$2UNIMARC 901 $aBK 912 $a990001154690403321 952 $aC-21-(85$b276$fMA1 959 $aMA1 996 $aSummability through functional analysis$981775 997 $aUNINA DB $aING01 LEADER 01097nam--2200373---450- 001 990002849420203316 005 20070102152525.0 010 $a88-89548-16-9 035 $a000284942 035 $aUSA01000284942 035 $a(ALEPH)000284942USA01 035 $a000284942 100 $a20070102d2005----km-y0itay50------ba 101 $aita 102 $aIT 105 $aa---||||001yy 200 1 $aEsposizione professionale a rumore e vibrazione$easpetti preventivi, clinici, medico legale e riabilitativi$fC. Marmo, C. Melino 210 $aRoma$cSEU$d2005 215 $aIX, 428 p.$cill.$d26 cm. 410 0$12001 454 1$12001 461 1$1001-------$12001 606 0 $aRumorosità industriale$xEffetti dannosi 676 $a363.741 700 1$aMARMO,$bCarmelo$0595476 701 1$aMELINO,$bCarmine$024213 801 0$aIT$bsalbc$gISBD 912 $a990002849420203316 951 $aFT/292$b2445$cFT 959 $aBK 969 $aDIMEC 979 $aDIMEC$b90$c20070102$lUSA01$h1525 996 $aEsposizione professionale a rumore e vibrazione$9992270 997 $aUNISA